000
00287nam a2200121Ia 4500
008
190216s9999||||xx |||||||||||||| ||und||
100
_a
Raja Raman V
245
0
_a
Principles Of Computer Programming
260
_b
Prentice Hall
_c
1992
300
_a
246p
650
_a
Computer
942
_c
BK
999
_c
8436
_d
8436